Normal view
MARC view
- عبد الرحمن ، محمد شريف عبد الرحمن احمد
Entry Personal Name
001 - CONTROL NUMBER
- control field: 32301
003 - CONTROL NUMBER IDENTIFIER
- control field: JO-AjAnu
005 - DATE AND TIME OF LATEST TRANSACTION
- control field: 20230606075429.0
008 - FIXED-LENGTH DATA ELEMENTS
- fixed length control field: 230606|| aca||aabn | a|a d
040 ## - CATALOGING SOURCE
- Original cataloging agency: JO-AjAnu
- Transcribing agency: JO-AjAnu
100 ## - HEADING--PERSONAL NAME
- Personal name: عبد الرحمن ، محمد شريف عبد الرحمن احمد
670 ## - SOURCE DATA FOUND
- Source citation: Work cat.: (JO-AjAnu)16592: عبد الرحمن ، محمد شريف عبد الرحمن احمد , author, الحقوق العينية الأصلية المتفرعة عن حق الملكية ( حق الانتفاع - حق الحكر - حق الارتفاق )